MARC details
| 000 -LEADER |
| fixed length control field |
02409cam a2200505 i 4500 |
| 001 - CONTROL NUMBER |
| control field |
14396879 |
| 003 - CONTROL NUMBER IDENTIFIER |
| control field |
EG-ScBUE |
| 005 - DATE AND TIME OF LATEST TRANSACTION |
| control field |
20241118103424.0 |
| 006 - FIXED-LENGTH DATA ELEMENTS--ADDITIONAL MATERIAL CHARACTERISTICS--GENERAL INFORMATION |
| fixed length control field |
m||||fq||h 00| 0 |
| 008 - FIXED-LENGTH DATA ELEMENTS--GENERAL INFORMATION |
| fixed length control field |
060601t2008 maua f 001 0 eng d |
| 020 ## - INTERNATIONAL STANDARD BOOK NUMBER |
| International Standard Book Number |
0073030228 (student edition : alk. paper) |
| 020 ## - INTERNATIONAL STANDARD BOOK NUMBER |
| International Standard Book Number |
0073030236 (instructor's edition : alk. paper) |
| 020 ## - INTERNATIONAL STANDARD BOOK NUMBER |
| International Standard Book Number |
9780073030227 (student edition : alk. paper) |
| 020 ## - INTERNATIONAL STANDARD BOOK NUMBER |
| International Standard Book Number |
9780073030234 (instructor's edition : alk. paper) |
| 020 ## - INTERNATIONAL STANDARD BOOK NUMBER |
| International Standard Book Number |
9780073272962 |
| 020 ## - INTERNATIONAL STANDARD BOOK NUMBER |
| International Standard Book Number |
0073272965 |
| 035 ## - SYSTEM CONTROL NUMBER |
| System control number |
(OCoLC)ocm69734572 |
| 035 ## - SYSTEM CONTROL NUMBER |
| System control number |
(OCoLC)69734572 |
| 040 ## - CATALOGING SOURCE |
| Original cataloging agency |
DLC |
| Language of cataloging |
eng |
| Description conventions |
rda |
| Transcribing agency |
DLC |
| Modifying agency |
BAKER |
| -- |
C#P |
| -- |
BTCTA |
| -- |
NLGGC |
| -- |
YDXCP |
| -- |
DLC |
| -- |
EG-ScBUE |
| 082 00 - DEWEY DECIMAL CLASSIFICATION NUMBER |
| Classification number |
519.5 |
| Edition number |
22 |
| Item number |
LIN |
| 100 1# - MAIN ENTRY--PERSONAL NAME |
| 9 (RLIN) |
3255 |
| Personal name |
Lind, Douglas A., |
| Relator term |
author. |
| 245 10 - TITLE STATEMENT |
| Title |
Statistical techniques in business & economics / |
| Statement of responsibility, etc |
Douglas A. Lind, Coastal Carolina University and The University of Toledo, William G. Marchal, The University of Toledo, Samuel A. Wathen, Coastal Carolina University. |
| 246 3# - VARYING FORM OF TITLE |
| Title proper/short title |
Statistical techniques in business and economics |
| 250 ## - EDITION STATEMENT |
| Edition statement |
Thirteenth edition. |
| 264 #1 - PUBLICATION, DISTRIBUTION, ETC. (IMPRINT) |
| Place of publication, distribution, etc |
Boston : |
| Name of publisher, distributor, etc |
McGraw-Hill/Irwin, |
| Date of publication, distribution, etc |
[2008] |
| 264 #4 - PUBLICATION, DISTRIBUTION, ETC. (IMPRINT) |
| Date of publication, distribution, etc |
c2008 |
| 300 ## - PHYSICAL DESCRIPTION |
| Extent |
xvii, 859 pages : |
| Other physical details |
color illustrations ; |
| Dimensions |
28 cm + |
| Accompanying material |
1 CD |
| 336 ## - CONTENT TYPE |
| Source |
rdacontent |
| Content type term |
text |
| Content type code |
txt |
| 336 ## - CONTENT TYPE |
| Source |
rdacontent |
| Content type term |
sounds |
| Content type code |
snd |
| 337 ## - MEDIA TYPE |
| Media type term |
unmediated |
| Source |
rdamedia |
| Media type code |
n |
| 337 ## - MEDIA TYPE |
| Media type term |
audio |
| Source |
rdamedia |
| Media type code |
s |
| 338 ## - CARRIER TYPE |
| Carrier type term |
volume |
| Carrier type code |
nc |
| Source |
rdacarrier |
| 338 ## - CARRIER TYPE |
| Carrier type term |
computer disc |
| Carrier type code |
cd |
| Source |
rdacarrier |
| 500 ## - GENERAL NOTE |
| General note |
Includes index. |
| 500 ## - GENERAL NOTE |
| General note |
Includes Appendices.<br/> |
| 650 #7 - SUBJECT ADDED ENTRY--TOPICAL TERM |
| Topical term or geographic name as entry element |
Social sciences |
| General subdivision |
Statistical methods. |
| Source of heading or term |
BUEsh |
| 9 (RLIN) |
3257 |
| 650 #7 - SUBJECT ADDED ENTRY--TOPICAL TERM |
| Topical term or geographic name as entry element |
Economics |
| General subdivision |
Statistical methods. |
| Source of heading or term |
BUEsh |
| 9 (RLIN) |
3258 |
| 650 #7 - SUBJECT ADDED ENTRY--TOPICAL TERM |
| Topical term or geographic name as entry element |
Commercial statistics. |
| Source of heading or term |
BUEsh |
| 9 (RLIN) |
3259 |
| 655 ## - INDEX TERM--GENRE/FORM |
| Form subdivision |
Reading book |
| 700 1# - ADDED ENTRY--PERSONAL NAME |
| Personal name |
Marchal, William G., |
| Relator term |
author. |
| 9 (RLIN) |
3260 |
| 700 1# - ADDED ENTRY--PERSONAL NAME |
| Personal name |
Wathen, Samuel Adam, |
| Relator term |
author. |
| 9 (RLIN) |
3261 |
| 856 41 - ELECTRONIC LOCATION AND ACCESS |
| Materials specified |
Table of contents only |
| Uniform Resource Identifier |
<a href="http://www.loc.gov/catdir/toc/ecip0614/2006018157.html">http://www.loc.gov/catdir/toc/ecip0614/2006018157.html</a> |
| 942 ## - ADDED ENTRY ELEMENTS (KOHA) |
| Source of classification or shelving scheme |
Dewey Decimal Classification |
| Koha item type |
Book - Borrowing |